Pinky and rex / (Record no. 4839)

MARC details
000 -LEADER
fixed length control field 01017nam a22003017a 4500
001 - CONTROL NUMBER
control field 4839
003 - CONTROL NUMBER IDENTIFIER
control field FISKH
005 - DATE AND TIME OF LATEST TRANSACTION
control field 20241017141035.0
008 - FIXED-LENGTH DATA ELEMENTS--GENERAL INFORMATION
fixed length control field 241017b cb ||||| |||| 00| 0 eng d
020 ## - INTERNATIONAL STANDARD BOOK NUMBER
International Standard Book Number 9780689823480
040 ## - CATALOGING SOURCE
Original cataloging agency FISKH
Language of cataloging eng
Transcribing agency FISKH
Modifying agency FISKH
050 ## - LIBRARY OF CONGRESS CALL NUMBER
Classification number PZ7.H83727
082 ## - DEWEY DECIMAL CLASSIFICATION NUMBER
Classification number 813.54
100 ## - MAIN ENTRY--PERSONAL NAME
Personal name Howe, James
Dates associated with a name (1946–)
245 ## - TITLE STATEMENT
Title Pinky and rex /
Statement of responsibility, etc. by James Howe illustrated by Melissa Sweet
250 ## - EDITION STATEMENT
Edition statement First edition in 1998
260 ## - PUBLICATION, DISTRIBUTION, ETC.
Place of publication, distribution, etc. New York :
Name of publisher, distributor, etc. Aladdin Paperbacks,
Date of publication, distribution, etc. 1998.
300 ## - PHYSICAL DESCRIPTION
Extent 40 pages :
Other physical details Color illustrations ;
Dimensions 23 cm
505 ## - FORMATTED CONTENTS NOTE
Formatted contents note J<br/>
520 ## - SUMMARY, ETC.
Summary, etc. Rex and her best friend Pinky, each the proud possessor of twenty-seven stuffed animals or dinosaurs, find their visit to the museum and its gift shop complicated by Pinky's little sister Amanda.
521 8# - TARGET AUDIENCE NOTE
Target audience note 490L<br/>
Source Lexile<br/>
521 8# - TARGET AUDIENCE NOTE
Target audience note J<br/>
Source Raz-Plus<br/>
650 ## - SUBJECT ADDED ENTRY--TOPICAL TERM
Source of heading or term Fiction
Topical term or geographic name entry element Friendship
650 ## - SUBJECT ADDED ENTRY--TOPICAL TERM
Source of heading or term Museums
Topical term or geographic name entry element Dinosaurs
700 ## - ADDED ENTRY--PERSONAL NAME
Personal name Sweet, Melissa
Dates associated with a name Illustrator
942 ## - ADDED ENTRY ELEMENTS (KOHA)
Source of classification or shelving scheme Dewey Decimal Classification
Koha item type Books
Suppress in OPAC No
Holdings
Withdrawn status Lost status Source of classification or shelving scheme Damaged status Not for loan Collection Home library Current library Shelving location Date acquired Total Checkouts Full call number Barcode Date last seen Copy number Price effective from Koha item type Date last checked out
    Dewey Decimal Classification     Fiction Footprints International School Library Network Toul Kork Campus Footprints International School Library Network Toul Kork Campus TK Primary Library Room(4th Floor), Bookcase 1&2, Shelves 1-16, Dark Blue Books 10/17/2024   HOW 813.54 PZ7.H83727 2024-2161 10/17/2024 1 10/17/2024 Books  
    Dewey Decimal Classification     Fiction Footprints International School Library Network Toul Kork Campus Footprints International School Library Network Toul Kork Campus TK Primary Library Room(4th Floor), Bookcase 1&2, Shelves 1-16, Dark Blue Books 10/30/2024 1 HOW 813.54 PZ7.H83727 FISTK01091 06/09/2025 2 10/30/2024 Books 12/03/2024